000 00345 a2200121 4500
001 63774
040 _cAnchieta - Pituba
240 1 0 _a2º Avaliação de Lingua Portuguesa e Literatura, III unidade
_lpor
245 1 0 _a2º Avaliação de Lingua Portuguesa e Literatura, III unidade
362 0 _a2017
650 4 _aLíngua portuguesa
942 _cBK
999 _c63774
_d63774